Vista normal Vista MARC

Entrada Personal Name

Número de registros utilizados en: 1

001 - CONTROL NUMBER

  • control field: 42473

003 - CONTROL NUMBER IDENTIFIER

  • control field: OSt

005 - DATE AND TIME OF LATEST TRANSACTION

  • control field: 20240927145643.0

008 - FIXED-LENGTH DATA ELEMENTS

  • fixed length control field: 240927|| aca||aabn | a|a d

040 ## - CATALOGING SOURCE

  • Original cataloging agency: OSt
  • Transcribing agency: OSt

100 ## - HEADING--PERSONAL NAME

  • Personal name: Roldán Roque

670 ## - SOURCE DATA FOUND

  • Source citation: Work cat.: (OSt)38346: Sánchez, Enrique 42470, Derechos e identidad los pueblos indígenas y negros en la Constitución Política de Colombia de 1991









Instituto Departamental de Cultura del Meta - Red Departamental de Bibliotecas Públicas del Meta.